000
00191nam a2200085Ia 4500
008
170617s9999 xx 000 0 und d
100
_a
Mohamad Ali
245
0
_a
Text Book of Pharmacognosy
260
_b
CBS
260
_c
2008
999
_c
15174
_d
15174